000
00488nam a2200181Ia 4500
008
100917s9999 xx 000 0 und d
082
_b
61068
100
_a
पाटकर मधुकर - संपा.
245
_a
आमचे भाऊ
260
_b
म. कृ. पाटकर
_c
1971
300
_a
288
365
_b
11
520
_a
निबंध
630
_a
आमचे भाऊ
650
_a
निबंध
730
_a
आमचे भाऊ
942
_c
BOOK
999
_c
666462
_d
666459